[Event "Asker Autumn A"]
[Site "Asker"]
[Date "2017.10.09"]
[Round "5"]
[White "Lovberget, Erik"]
[Black "Holler, Ole Jakob"]
[Result "1/2-1/2"]
[WhiteElo "1462"]
[BlackElo "1413"]
[PlyCount "84"]
[EventDate "2017.08.28"]
[EventType "swiss"]
[EventRounds "9"]
[EventCountry "NOR"]
[SourceTitle "EXT 2024"]
[Source "ChessBase"]
[SourceDate "2023.10.10"]
[SourceVersion "1"]
[SourceVersionDate "2023.10.10"]
[SourceQuality "1"]

1. e4 c5 2. Nf3 Nc6 3. d4 cxd4 4. Nxd4 e6 5. Nc3 Bb4 6. Nb3 Bxc3+ 7. bxc3 Nge7 8. Bd3 0-0 9. 0-0 d5 10. Kh1 dxe4 11. Bxe4 Nd5 12. Bb2 Nf6 13. Bd3 Ne5 14. Qe2 Nxd3 15. cxd3 b6 16. f4 Qd7 17. c4 Ne8 18. Rf3 Nd6 19. Nd4 Nf5 20. Nxf5 exf5 21. Rg3 f6 22. Re1 Ba6 23. Qe7 Qxe7 24. Rxe7 Rf7 25. Re6 Kh8 26. Rge3 h6 27. c5 Rd7 28. h3 Bxd3 29. Rd6 Rxd6 30. cxd6 Be4 31. Rc3 Rd8 32. Ba3 Bb7 33. Rc7 Bc8 34. Rxa7 Bd7 35. Rb7 b5 36. Bc5 Bc6 37. Rc7 Be8 38. Kg1 Kg8 39. Kf2 Rd7 40. Rc8 Kf7 41. Ke3 Rb7 42. Kd4 Bd7 1/2-1/2

[Event "Asker Autumn A"]
[Site "Asker"]
[Date "2017.09.25"]
[Round "4"]
[White "Holler, Ole Jakob"]
[Black "Omland, Harald"]
[Result "0-1"]
[WhiteElo "1413"]
[BlackElo "1615"]
[PlyCount "78"]
[EventDate "2017.08.28"]
[EventType "swiss"]
[EventRounds "9"]
[EventCountry "NOR"]
[SourceTitle "EXT 2024"]
[Source "ChessBase"]
[SourceDate "2023.10.10"]
[SourceVersion "1"]
[SourceVersionDate "2023.10.10"]
[SourceQuality "1"]

1. d4 c5 2. e3 cxd4 3. exd4 e6 4. Nf3 Nf6 5. Bd3 Bb4+ 6. c3 Ba5 7. 0-0 0-0 8. Qc2 h6 9. Nbd2 d5 10. Ne5 Nc6 11. Ndf3 Bc7 12. Re1 a6 13. Bd2 Qd6 14. Qc1 Ne4 15. Bxe4 dxe4 16. Rxe4 f6 17. Ng6 f5 18. Rh4 Rf6 19. Bf4 Qd5 20. Bxc7 Rxg6 21. Rh3 e5 22. dxe5 f4 23. Qxf4 Bxh3 24. g3 Rf8 25. Qh4 Qxf3 26. Qxh3 Qxf2+ 27. Kh1 Qf5 28. Qg2 Qf3 29. Re1 Re6 30. Bd6 Qxg2+ 31. Kxg2 Rfe8 32. Kf2 Nxe5 33. Bxe5 Rxe5 34. Rxe5 Rxe5 35. b3 Kf7 36. a4 Ke6 37. c4 Kd6 38. b4 Re4 39. c5+ Kc6 0-1

[Event "Asker CC-ch Class A"]
[Site "Asker"]
[Date "2017.03.27"]
[Round "7"]
[White "Holler, Ole Jakob"]
[Black "Flatrud, Bjorn"]
[Result "1-0"]
[WhiteElo "1399"]
[BlackElo "1242"]
[PlyCount "145"]
[EventDate "2017.01.09"]
[EventType "swiss"]
[EventRounds "9"]
[EventCountry "NOR"]
[SourceTitle "EXT 2024"]
[Source "ChessBase"]
[SourceDate "2023.10.10"]
[SourceVersion "1"]
[SourceVersionDate "2023.10.10"]
[SourceQuality "1"]

1. d4 d6 2. e3 Nf6 3. Nf3 g6 4. Bd3 Bg7 5. Bd2 0-0 6. Qc1 Bg4 7. Qd1 Re8 8. h3 Bc8 9. c4 e5 10. dxe5 dxe5 11. Bc2 c5 12. e4 Nc6 13. a3 b6 14. Nc3 Bb7 15. Bg5 Qxd1+ 16. Rxd1 Rad8 17. 0-0 h6 18. Bxf6 Bxf6 19. Nd5 Kg7 20. Ba4 Rd6 21. Nxf6 Rxf6 22. Rd7 Bc8 23. Rc7 Ree6 24. Rxc8 Nd4 25. Nd2 Rd6 26. Rd1 a6 27. Nf3 Ne2+ 28. Kf1 Nd4 29. Rd3 Rfe6 30. Nxd4 exd4 31. f3 f5 32. exf5 gxf5 33. f4 Re4 34. Rg3+ Kh7 35. Rc7+ Kh8 36. Rcg7 Rd8 37. R7g6 Rxf4+ 38. Kg1 Kh7 39. Rxb6 d3 40. Rb7+ Kh8 41. Rgg7 d2 42. Rbd7 Rd4 43. Rxd8+ Rxd8 44. Bd1 Re8 45. Kf2 Re1 46. Bf3 d1Q 47. Bxd1 Rxd1 48. Rg6 Rc1 49. b3 Rc3 50. Rxh6+ Kg7 51. Rb6 Kf7 52. a4 Ke7 53. h4 Kf7 54. g3 Kg7 55. h5 Kh7 56. Kg2 Kg7 57. Rg6+ Kh7 58. Rxa6 Rxb3 59. Rc6 Ra3 60. Rxc5 Rxa4 61. Rc6 Ra5 62. Kf3 f4 63. g4 Ra4 64. Kxf4 Ra1 65. Kg5 Ra5+ 66. c5 Ra7 67. Rd6 Ra5 68. Rd5 Kg7 69. h6+ Kh7 70. Kh5 Ra6 71. g5 Rg6 72. Rd7+ Kh8 73. Kxg6 1-0

[Event "Asker CC-ch Class A"]
[Site "Asker"]
[Date "2017.02.06"]
[Round "3"]
[White "Lovberget, Erik"]
[Black "Holler, Ole Jakob"]
[Result "1-0"]
[WhiteElo "1469"]
[BlackElo "1399"]
[PlyCount "93"]
[EventDate "2017.01.09"]
[EventType "swiss"]
[EventRounds "9"]
[EventCountry "NOR"]
[SourceTitle "EXT 2024"]
[Source "ChessBase"]
[SourceDate "2023.10.10"]
[SourceVersion "1"]
[SourceVersionDate "2023.10.10"]
[SourceQuality "1"]

1. e4 e5 2. Nf3 d6 3. d4 exd4 4. Nxd4 Be7 5. Be2 Nf6 6. Nc3 a6 7. a4 b6 8. Be3 Bd7 9. 0-0 Nc6 10. Nxc6 Bxc6 11. Qd3 0-0 12. b3 Re8 13. f3 h6 14. Rad1 Nd7 15. Qd2 Bf6 16. Nd5 Bxd5 17. Qxd5 Re5 18. Qd2 Re8 19. c4 Nf8 20. Bd3 Be5 21. f4 Bf6 22. Kh1 g5 23. Qf2 Qe7 24. Qf3 Kg7 25. Qh5 gxf4 26. Bxf4 Bg5 27. h4 Bxf4 28. Rxf4 Ng6 29. Rg4 Kh7 30. e5 Rg8 31. exd6 cxd6 32. Rf1 Raf8 33. Qf5 Qe5 34. h5 Qxf5 35. Bxf5 Rg7 36. hxg6+ fxg6 37. Rxg6 Rxg6 38. Bxg6+ Kg7 39. Rxf8 Kxf8 40. Kh2 Kg7 41. Be8 Kf8 42. Bc6 a5 43. Kh3 Kg7 44. g4 Kg6 45. Kh4 Kf6 46. Kh5 Kg7 47. Be4 1-0

[Event "Asker Autumn A"]
[Site "Asker"]
[Date "2016.11.21"]
[Round "8"]
[White "Holler, Ole Jakob"]
[Black "Flatrud, Alex"]
[Result "1/2-1/2"]
[WhiteElo "1440"]
[BlackElo "1266"]
[PlyCount "114"]
[EventDate "2016.08.29"]
[EventType "swiss"]
[EventRounds "9"]
[EventCountry "NOR"]
[SourceTitle "EXT 2024"]
[Source "ChessBase"]
[SourceDate "2023.10.10"]
[SourceVersion "1"]
[SourceVersionDate "2023.10.10"]
[SourceQuality "1"]

1. e4 e5 2. Nc3 Nc6 3. d3 Bb4 4. Bd2 d6 5. Nf3 Bg4 6. a3 Bc5 7. Be2 Nge7 8. h3 Bh5 9. Na4 Bb6 10. Bc3 Qd7 11. Qd2 h6 12. Nxb6 axb6 13. Nxe5 dxe5 14. Bxh5 Rf8 15. f4 Qd6 16. fxe5 Nxe5 17. 0-0 g6 18. Be2 h5 19. Qf4 N7c6 20. Rad1 0-0-0 21. d4 Nd7 22. Qxd6 cxd6 23. d5 Nce5 24. Bb4 Kc7 25. Bb5 f5 26. exf5 Rxf5 27. Rxf5 gxf5 28. Bxd7 Rxd7 29. Rf1 Rf7 30. Rf4 Nd7 31. Rc4+ Nc5 32. Be1 Kd7 33. Bf2 Re7 34. b4 Na4 35. b5 Nc5 36. Rf4 Rf7 37. a4 Kc7 38. Bxc5 dxc5 39. c4 Kd6 40. Kf2 Ke5 41. Kf3 Rh7 42. Rh4 Rh8 43. g4 fxg4+ 44. hxg4 Rf8+ 45. Kg3 hxg4 46. Rxg4 Rf7 47. Rg6 Rf4 48. Rxb6 Rxc4 49. d6 Rxa4 50. d7 Rd4 51. Rxb7 Ke6 52. Rc7 Rxd7 53. Rxc5 Rd4 54. Kf3 Rb4 55. Ke3 Kd6 56. Rf5 Kc7 57. Kd3 Kb6 1/2-1/2

[Event "Asker CC-ch Class A"]
[Site "Asker"]
[Date "2016.02.15"]
[Round "4"]
[White "Holler, Ole Jakob"]
[Black "Flatrud, Bjorn"]
[Result "1-0"]
[WhiteElo "1229"]
[BlackElo "870"]
[PlyCount "119"]
[EventDate "2016.01.11"]
[EventType "swiss"]
[EventRounds "9"]
[EventCountry "NOR"]
[SourceTitle "EXT 2024"]
[Source "ChessBase"]
[SourceDate "2023.10.10"]
[SourceVersion "1"]
[SourceVersionDate "2023.10.10"]
[SourceQuality "1"]

1. e4 e6 2. d4 d5 3. e5 c5 4. c3 Nc6 5. Nf3 Qb6 6. Be2 Nh6 7. Na3 Nf5 8. Nc2 Be7 9. b3 0-0 10. 0-0 f6 11. g4 Nh6 12. Bxh6 gxh6 13. Qd2 Rf7 14. Qxh6 Qd8 15. Kh1 Qf8 16. Qxf8+ Rxf8 17. exf6 Rxf6 18. Ne5 Nxe5 19. dxe5 Rf4 20. f3 b6 21. Ne1 Bb7 22. Ng2 Rf7 23. f4 Raf8 24. Kg1 h6 25. h4 d4 26. Bf3 Bxf3 27. Rxf3 dxc3 28. Rc1 b5 29. Rcxc3 a5 30. Kh2 Rd8 31. Rf2 Rd4 32. Kg3 b4 33. Rcf3 c4 34. bxc4 Rxc4 35. Ne3 Rc3 36. f5 exf5 37. Nxf5 Rxf3+ 38. Rxf3 Kh7 39. e6 Bxh4+ 40. Kxh4 Rf8 41. e7 Re8 42. a3 Kg6 43. axb4 axb4 44. Rb3 h5 45. Rxb4 hxg4 46. Kxg4 Kf7 47. Nd6+ Kxe7 48. Nxe8 Kxe8 49. Rd4 Ke7 50. Kf5 Kf7 51. Re4 Kg7 52. Re6 Kf7 53. Ke5 Kg7 54. Rf6 Kg8 55. Ke6 Kg7 56. Ke7 Kg8 57. Rg6+ Kh8 58. Kf7 Kh7 59. Rf6 Kh8 60. Rh6# 1-0

[Event "Asker Host A"]
[Site "Asker"]
[Date "2015.09.21"]
[Round "2"]
[White "Grondahl, Jan Robert"]
[Black "Holler, Ole Jakob"]
[Result "0-1"]
[WhiteElo "1152"]
[BlackElo "1433"]
[PlyCount "106"]
[EventDate "2015.09.21"]
[EventType "swiss"]
[EventRounds "9"]
[EventCountry "NOR"]
[SourceTitle "EXT 2023"]
[Source "ChessBase"]
[SourceDate "2022.10.05"]
[SourceVersion "1"]
[SourceVersionDate "2022.10.05"]
[SourceQuality "1"]

1. d4 d5 2. c4 dxc4 3. e4 e6 4. Nf3 Bb4+ 5. Bd2 Bxd2+ 6. Qxd2 Nf6 7. Nc3 0-0 8. Bxc4 c6 9. 0-0 Nbd7 10. e5 Nd5 11. Ne4 N7b6 12. Bb3 Bd7 13. Nd6 Rb8 14. Rfe1 Nc8 15. Ng5 Nxd6 16. exd6 Qf6 17. Bc2 g6 18. Ne4 Qg7 19. Nc5 Rfd8 20. Re4 Bc8 21. d7 Bxd7 22. Bb3 b6 23. Nd3 f6 24. Re2 Re8 25. Nf4 Kh8 26. Rae1 Qf7 27. Bc2 Nxf4 28. Qxf4 Rb7 29. Re3 Bc8 30. Qh6 Qg7 31. Rh3 Qxh6 32. Rxh6 Kg7 33. Rh4 Rd7 34. Rd1 e5 35. Re4 f5 36. Rxe5 Rxe5 37. dxe5 Rxd1+ 38. Bxd1 Be6 39. b3 c5 40. Be2 Kf7 41. f4 h5 42. g3 Ke7 43. Bb5 Kd8 44. h3 Bd7 45. Bxd7 Kxd7 46. Kf2 Ke6 47. Ke3 b5 48. Kf3 Kd5 49. g4 c4 50. Ke2 hxg4 51. hxg4 fxg4 52. a4 c3 53. Kd3 g3 0-1

[Event "Asker CC-ch A"]
[Site "Asker"]
[Date "2015.04.13"]
[Round "7"]
[White "Hole, Victor"]
[Black "Holler, Ole Jakob"]
[Result "0-1"]
[WhiteElo "893"]
[BlackElo "1213"]
[PlyCount "88"]
[EventDate "2015.02.23"]
[EventType "swiss"]
[EventRounds "9"]
[EventCountry "NOR"]
[SourceTitle "EXT 2023"]
[Source "ChessBase"]
[SourceDate "2022.10.05"]
[SourceVersion "1"]
[SourceVersionDate "2022.10.05"]
[SourceQuality "1"]

1. e4 e5 2. Nf3 d6 3. Bc4 Be7 4. Nc3 Nf6 5. 0-0 0-0 6. h3 Nc6 7. d3 Na5 8. Bb3 Nxb3 9. axb3 Bd7 10. Be3 c5 11. Qd2 h6 12. Nd5 Nxd5 13. exd5 f5 14. Qc3 f4 15. Bd2 Rf5 16. b4 Rh5 17. Kh2 cxb4 18. Qxb4 b6 19. Rfe1 a5 20. Qa3 Bf8 21. d4 Qc8 22. Ng1 Qxc2 23. Qc3 Qxc3 24. bxc3 exd4 25. cxd4 Rxd5 26. Re4 g5 27. h4 Bf5 28. Re2 Rxd4 29. hxg5 hxg5 30. Nf3 Rd5 31. Nxg5 Bd3 32. Re6 Rxg5 33. Bxf4 Rf5 34. Rg6+ Kf7 35. Rg4 Rc8 36. f3 Rc4 37. Kg3 d5 38. Rh1 Ke6 39. Re1+ Kd7 40. Rh1 Rfxf4 41. Rxf4 Bd6 42. Rhh4 Bxf4+ 43. Rxf4 Rxf4 44. Kxf4 a4 0-1

[Event "Asker op"]
[Site "Asker"]
[Date "2014.12.01"]
[Round "9"]
[White "Holler, Ole Jakob"]
[Black "Rambo, Jan Bjarne"]
[Result "0-1"]
[WhiteElo "1225"]
[BlackElo "1660"]
[PlyCount "82"]
[EventDate "2014.09.01"]
[EventType "swiss"]
[EventRounds "9"]
[EventCountry "NOR"]
[SourceTitle "EXT 2017"]
[Source "ChessBase"]
[SourceDate "2016.10.25"]
[SourceVersion "1"]
[SourceVersionDate "2016.10.25"]
[SourceQuality "1"]

1. c4 Nf6 2. d4 e6 3. e3 b6 4. Be2 Be7 5. b3 0-0 6. Ba3 Bb7 7. Bf3 Nc6 8. Ne2 Bxa3 9. Nxa3 Qe7 10. Nc2 d6 11. Nc3 Na5 12. Bxb7 Nxb7 13. 0-0 c6 14. Re1 d5 15. Qe2 dxc4 16. Qxc4 Rac8 17. b4 c5 18. dxc5 bxc5 19. b5 Nd7 20. Rad1 Nb6 21. Qe2 Qf6 22. Ne4 Qe5 23. f3 Nd5 24. Rd3 f5 25. Nf2 Nc3 26. Qf1 Nxb5 27. Rb1 N7d6 28. f4 Qf6 29. a4 c4 30. Rdd1 Nc3 31. Rxd6 Nxb1 32. Qxb1 Rb8 33. Qf1 Qc3 34. Qd1 Rb2 35. Nd4 Qxe3 36. Qf1 Qxf4 37. Nxe6 Qxd6 38. Nxf8 Kxf8 39. Qc1 Qd2 40. Qxd2 Rxd2 41. Kf1 c3 0-1

[Event "Asker op"]
[Site "Asker"]
[Date "2014.11.10"]
[Round "7"]
[White "Holler, Ole Jakob"]
[Black "Lindblom, Roar"]
[Result "0-1"]
[WhiteElo "1225"]
[BlackElo "1750"]
[PlyCount "64"]
[EventDate "2014.09.01"]
[EventType "swiss"]
[EventRounds "9"]
[EventCountry "NOR"]
[SourceTitle "EXT 2017"]
[Source "ChessBase"]
[SourceDate "2016.10.25"]
[SourceVersion "1"]
[SourceVersionDate "2016.10.25"]
[SourceQuality "1"]

1. e3 d5 2. d3 e5 3. Be2 c5 4. c4 d4 5. e4 Be7 6. Nf3 Nc6 7. Bd2 Nf6 8. Bg5 h6 9. Bxf6 Bxf6 10. Nbd2 Qe7 11. h3 Bd7 12. Nh2 Nd8 13. Bg4 Ne6 14. g3 g6 15. h4 h5 16. Bxe6 Bxe6 17. Ndf3 Bd7 18. Qb3 Rb8 19. a4 0-0 20. Qc2 a6 21. b3 Bg7 22. Rg1 f5 23. 0-0-0 Bh6+ 24. Kb2 b5 25. axb5 axb5 26. Ra1 fxe4 27. dxe4 bxc4 28. Ra3 Be6 29. Nxe5 cxb3 30. Qe2 d3 31. Qf1 c4 32. f4 c3+ 0-1

[Event "Asker Autumn-B"]
[Site "Asker"]
[Date "2012.10.22"]
[Round "6"]
[White "Holler, Ole Jakob"]
[Black "Omland, Harald"]
[Result "1-0"]
[WhiteElo "1235"]
[BlackElo "1315"]
[PlyCount "56"]
[EventDate "2012.08.27"]
[EventType "swiss"]
[EventCountry "NOR"]
[SourceTitle "EXT 2024"]
[Source "ChessBase"]
[SourceDate "2023.10.10"]
[SourceVersion "1"]
[SourceVersionDate "2023.10.10"]
[SourceQuality "1"]

1. c4 e5 2. e4 Nf6 3. d3 Nc6 4. Nf3 Bb4+ 5. Nc3 0-0 6. a3 Bxc3+ 7. bxc3 d6 8. Bg5 h6 9. Bh4 g5 10. Nxg5 hxg5 11. Bxg5 Kg7 12. Be2 Be6 13. Qd2 Qd7 14. Bh6+ Kg8 15. Bxf8 Kxf8 16. Rb1 Na5 17. Rb5 b6 18. 0-0 Ke7 19. f4 exf4 20. Qxf4 Ng8 21. Qg5+ f6 22. Qg7+ Kd8 23. Qh8 Kc8 24. Rfb1 c5 25. a4 Kc7 26. Bf3 Re8 27. e5 fxe5 28. Rxa5 d5 1-0

[Event "Asker CC-ch"]
[Site "Asker"]
[Date "2011.03.14"]
[Round "6"]
[White "Holler, Ole Jakob"]
[Black "Syvertsen, Finn"]
[Result "0-1"]
[WhiteElo "1237"]
[BlackElo "1270"]
[PlyCount "56"]
[EventDate "2011.01.17"]
[EventType "swiss"]
[EventRounds "9"]
[EventCountry "NOR"]
[SourceTitle "EXT 2024"]
[Source "ChessBase"]
[SourceDate "2023.10.10"]
[SourceVersion "1"]
[SourceVersionDate "2023.10.10"]
[SourceQuality "1"]

1. c4 e6 2. d4 d5 3. e3 c5 4. cxd5 exd5 5. Bb5+ Nc6 6. dxc5 Bxc5 7. Bd2 Nf6 8. b4 Bb6 9. Ne2 0-0 10. Bxc6 bxc6 11. Qc2 Bb7 12. Bc3 Re8 13. 0-0 Qd6 14. Qb2 Nh5 15. Nd2 Bd8 16. Nf3 Nf6 17. Be5 Qd7 18. Rfd1 Nh5 19. h3 Bf6 20. g4 Bxe5 21. Nxe5 Qc7 22. Nxc6 Qxc6 23. Nd4 Qg6 24. Kf1 Nf6 25. Ke2 Ne4 26. Rg1 Qf6 27. f3 Nd6 28. Qc1 Qxd4 0-1

[Event "Asker CC-ch B"]
[Site "Asker"]
[Date "2009.02.09"]
[Round "3"]
[White "Yggeseth, Oistein"]
[Black "Holler, Ole Jakob"]
[Result "1-0"]
[WhiteElo "1173"]
[BlackElo "1242"]
[PlyCount "81"]
[EventDate "2009.01.19"]
[EventType "swiss"]
[EventRounds "9"]
[EventCountry "NOR"]
[SourceTitle "EXT 2024"]
[Source "ChessBase"]
[SourceDate "2023.10.10"]
[SourceVersion "1"]
[SourceVersionDate "2023.10.10"]
[SourceQuality "1"]

1. e4 e5 2. Nf3 d6 3. d4 exd4 4. Nxd4 Qh4 5. Nc3 Bd7 6. Nf3 Qd8 7. Bc4 Be7 8. Qd5 Be6 9. Qxb7 Nd7 10. Bxe6 fxe6 11. Qb3 Nc5 12. Qb5+ Qd7 13. Nd4 Nf6 14. f3 0-0 15. Qxd7 Nfxd7 16. b4 Bf6 17. Be3 Bxd4 18. Bxd4 Na6 19. a3 c5 20. bxc5 dxc5 21. Be3 Rab8 22. Rb1 Ne5 23. Ke2 Nc4 24. Rxb8 Rxb8 25. Rb1 Rxb1 26. Nxb1 Kf8 27. Kd3 Nxe3 28. Kxe3 Ke7 29. e5 Nc7 30. c4 Kd7 31. Nc3 Na8 32. h4 Nb6 33. Kd3 Kc6 34. g4 h6 35. f4 Nd7 36. h5 Nf8 37. f5 exf5 38. gxf5 Nd7 39. Ke4 a6 40. Nd5 Kb7 41. e6 1-0